Evidovaná nezamestnanosť a miera nezamestnanosti k 31.12.2002

Bibliographic Details
Corporate Author: Slovensko. Štatistický úrad (Author)
Format: Article
Language:Slovak
PhysicalDescription:Tab.
Subjects:

MARC

LEADER 00000nab a2200000 a 4500
001 vtls000827096
003 SK-MaSNL
005 20260302162307.0
008 180207c2002 xo 0 slo
015 |a SNBRB2003/03-07040 
035 |a CLN000178751 
040 |a SNKBUCL  |b slo  |c SNKBUCL  |e AACR2 
041 0 |a slo 
044 |a xo  |c SK 
080 |a 31:331.56(437.6)  |2 UDC-MRF-SK2 
080 |a 331.56(437.6):31  |2 UDC-MRF-SK2 
110 1 |a Slovensko.  |b Štatistický úrad  |4 aut 
245 0 0 |a Evidovaná nezamestnanosť a miera nezamestnanosti k 31.12.2002  |c Štatistický úrad Slovenskej republiky 
300 |b Tab. 
650 0 7 |a nezamestnanosť evidovaná  |x tabuľky štatistické  |z Slovensko  |y k 31.12.2002  |2 snkbucl  |9 861723 
655 7 |a články z novín a časopisov  |2 snkbucl  |9 267496 
773 0 |t Bulletin  |g Č. 12 (2002), s. 26 
850 |a Slovenská národná knižnica v Martine 
852 |a SNK  |b KIS3GCP 
958 |a RBX 
999 |c 1379739  |d 1381669